000 00676nam a2200241Ia 4500
003 OSt
005 20220928114534.0
006 a|||||r|||| 00| 0
007 ta
008 220927b |||||||| |||| 00| 0 eng d
024 _a6966
037 _cTextual
040 _aSDCL
_cSDCL
_beng
041 _2eng
_aeng
082 _aX:8T, P6
100 _aDU Plessis Marina
_9439573
245 0 _aImpact of organisational culture on knowledge management.
260 _aOxford
_bChandos Publishing
_c2006
300 _ax,170p
_ccm.
490 _aChandos knowledge management series
942 _hX:8T, P6
_cTEXL
_2CC
999 _c755262
_d755262